Fundamentos de dibujo en ingeniería: con una introducción a las gráficas por computadora interactiva para diseño y producción /

Gorde:
Xehetasun bibliografikoak
Egile nagusia: Luzadder, Warren J. (autor)
Beste egile batzuk: Duffy, Jon M. (autor) (autor)
Formatua: Liburua
Hizkuntza:gaztelania
Argitaratua: México : Prentice-Hall, 1994
Edizioa:2a edición
Gaiak:
Etiketak: Etiketa erantsi
Etiketarik gabe, Izan zaitez lehena erregistro honi etiketa jartzen!

MARC

LEADER 00000nam^a2200000^a^4500
001 000041721
005 20250521000000.0
009 20260310085708.803
020 |a 968-880-382-0 
037 |a Acervo ITESO - Biblioteca 
041 |a ESP 
082 |a 604. 2  |b LUZ 
100 |a Luzadder, Warren J.  |e (autor) 
245 1 0 |a Fundamentos de dibujo en ingeniería: con una introducción a las gráficas por computadora interactiva para diseño y producción /  |c W.J. Luzadder, Jon M. Duff; tr.por Pilar Villela Mascaró. 
250 |a 2a edición 
264 1 |a México :  |b Prentice-Hall,  |c 1994 
300 |a 726 p. 
336 |a texto  |b txt  |2 rdacontenido 
337 |a sin mediación  |b n  |2 rdamedio 
338 |a volumen  |b nc  |2 rdasoporte 
500 |a Traducción de: Fundamentals of engineering drawing 
649 |a XX 
650 |a Ingeniería 
650 |a Dibujo Técnico 
700 |a Duffy, Jon M.  |e (autor) 
910 |a Fondo General 
920 |a Impresos - Libros 
930 |a Colección General 
905 |a 101 
901 |a 0417210100  |b IT1  |c ACC  |i 041721  |u 20250521 
901 |a 0417210200  |b IT1  |c ACC  |i 909702  |u 20250521 
901 |a 0417210300  |b IT1  |c ACC  |i 909703  |u 20250521 
902 |a https://opac.biblio.iteso.mx/vufind/Record/000041721